[Event "Alberta op"]
[Site "Edmonton CAN"]
[Date "2005.10.08"]
[Round "1"]
[White "Gardner, Robert"]
[Black "MacKinnon, Keith"]
[Result "1/2-1/2"]
[WhiteElo "2240"]
[BlackElo "1615"]
[PlyCount "140"]
[GameId "2160767910834419"]
[EventDate "2005.10.08"]
[EventType "swiss"]
[EventRounds "6"]
[EventCountry "CAN"]
[WhiteTeam "Canada"]
[BlackTeam "Canada"]
[WhiteTeamCountry "CAN"]
[BlackTeamCountry "CAN"]

1. d4 Nf6 2. c4 g6 3. Nc3 Bg7 4. e4 d6 5. Nf3 O-O 6. Be2 e5 7. d5 Na6 8. Nd2 Nc5 9. h4 a5 10. h5 Bd7 11. g4 Qc8 12. f3 Ne8 13. Nf1 f5 14. hxg6 hxg6 15. gxf5 gxf5 16. Bh6 Bxh6 17. Rxh6 Kg7 18. Qd2 f4 19. Rh2 Nf6 20. O-O-O Rh8 21. Rg2+ Kf7 22. Nh2 Rg8 23. Rdg1 Rxg2 24. Rxg2 Qh8 25. Nd1 b6 26. Qe1 Qh6 27. Kc2 Bh3 28. Rg1 Rg8 29. Rxg8 Nxg8 30. Nf2 Bd7 31. Nhg4 Qh4 32. Qg1 Nh6 33. Nxh6+ Qxh6 34. Bf1 Qh4 35. Bg2 Qg3 36. Qf1 Qh2 37. b3 Ke7 38. Kc3 Qg3 39. a3 Kf7 40. b4 Nb7 41. Nd3 Qg5 42. Bh3 Qe7 43. Qg2 Kf8 44. Qg6 Bxh3 45. Qh6+ Ke8 46. Qh8+ Kd7 47. Qxh3+ Kd8 48. Nf2 Qd7 49. Qh4+ Kc8 50. Kb3 Kb8 51. Ng4 c6 52. Nf6 Qc8 53. Qh7 c5 54. Nd7+ Ka7 55. Qe7 Qd8 56. Qg7 Qh4 57. Nxe5 dxe5 58. Qxe5 Qh1 59. Qc3 Qb1+ 60. Ka4 axb4 61. axb4 Qxb4+ 62. Qxb4 cxb4 63. Kxb4 Nc5 64. Kc3 Kb7 65. e5 Kc7 66. Kd4 Kd7 67. Kc3 Kc7 68. Kd4 Kd7 69. Kc3 Ke7 70. Kd4 Kd7 1/2-1/2

[Event "Alberta op"]
[Site "Edmonton CAN"]
[Date "2005.10.08"]
[Round "2"]
[White "Wihnon, Jason"]
[Black "Gardner, Robert"]
[Result "0-1"]
[WhiteElo "1750"]
[BlackElo "2240"]
[PlyCount "56"]
[GameId "2160767910834420"]
[EventDate "2005.10.08"]
[EventType "swiss"]
[EventRounds "6"]
[EventCountry "CAN"]
[WhiteTeam "Canada"]
[BlackTeam "Canada"]
[WhiteTeamCountry "CAN"]
[BlackTeamCountry "CAN"]

1. e4 d6 2. d4 Nf6 3. Bd3 e5 4. Ne2 Be7 5. O-O O-O 6. h3 Re8 7. f4 exd4 8. Nxd4 Bf8 9. Nc3 c5 10. Nf3 Nc6 11. Nd5 h6 12. Re1 Nxd5 13. exd5 Rxe1+ 14. Qxe1 Nb4 15. Qe4 Nxd3 16. Qxd3 Qf6 17. c4 Bf5 18. Qe3 Bd7 19. Qb3 b6 20. Bd2 Re8 21. Re1 Rxe1+ 22. Nxe1 Qd4+ 23. Be3 Qe4 24. Qd3 Qe7 25. Bd2 g6 26. Bc3 Bf5 27. Qd2 Qe4 28. a3 Qxc4 0-1

[Event "Alberta op"]
[Site "Edmonton CAN"]
[Date "2005.10.09"]
[Round "3"]
[White "Gardner, Robert"]
[Black "Kuczaj, Chris"]
[Result "1-0"]
[WhiteElo "2240"]
[BlackElo "1884"]
[PlyCount "67"]
[GameId "2160767910834421"]
[EventDate "2005.10.08"]
[EventType "swiss"]
[EventRounds "6"]
[EventCountry "CAN"]
[WhiteTeam "Canada"]
[BlackTeam "Canada"]
[WhiteTeamCountry "CAN"]
[BlackTeamCountry "CAN"]

1. f4 d5 2. Nf3 g6 3. e3 Bg7 4. Be2 Nh6 5. O-O O-O 6. d3 Nc6 7. c3 e5 8. fxe5 Nxe5 9. d4 Neg4 10. h3 Nf6 11. c4 Ne4 12. cxd5 Qd6 13. Nc3 Nxc3 14. bxc3 Bxh3 15. gxh3 Qg3+ 16. Kh1 Qxh3+ 17. Nh2 Nf5 18. Rf3 Ng3+ 19. Kg1 Rfe8 20. Bf1 Qh4 21. Qe1 Nf5 22. Qxh4 Nxh4 23. Rh3 g5 24. Nf3 Nxf3+ 25. Rxf3 Re4 26. Bd3 Rg4+ 27. Kf2 Rh4 28. Rg3 Rd8 29. Rxg5 Rd6 30. e4 Kh8 31. e5 Rxd5 32. Be3 Rh2+ 33. Rg2 Rh3 34. Rag1 1-0

[Event "Alberta op"]
[Site "Edmonton CAN"]
[Date "2005.10.09"]
[Round "4"]
[White "Hinds, Ronald"]
[Black "Gardner, Robert"]
[Result "0-1"]
[WhiteElo "1930"]
[BlackElo "2240"]
[PlyCount "70"]
[GameId "2160767910834422"]
[EventDate "2005.10.08"]
[EventType "swiss"]
[EventRounds "6"]
[EventCountry "CAN"]
[WhiteTeam "Canada"]
[BlackTeam "Canada"]
[WhiteTeamCountry "CAN"]
[BlackTeamCountry "CAN"]

1. e4 d6 2. d4 Nf6 3. Nc3 g6 4. Bc4 Bg7 5. Qe2 Nc6 6. e5 Ng4 7. Bb5 O-O 8. Bxc6 bxc6 9. h3 Nh6 10. Bf4 dxe5 11. dxe5 Qd4 12. Qd2 Qxd2+ 13. Bxd2 Nf5 14. Nf3 c5 15. O-O-O Bb7 16. Bf4 Nd4 17. Ne1 Rfd8 18. Rg1 Ne6 19. Bg3 Bh6+ 20. Kb1 Rxd1+ 21. Nxd1 Rd8 22. Nf3 Bxf3 23. gxf3 Nd4 24. Nc3 Nxf3 25. Rd1 Rxd1+ 26. Nxd1 e6 27. Nc3 Bg7 28. Ne4 Bxe5 29. Bxe5 Nxe5 30. Nxc5 g5 31. Ne4 h6 32. Kc1 f5 33. Ng3 Kf7 34. Kd1 Kg6 35. Ke2 h5 0-1

[Event "Alberta op"]
[Site "Edmonton CAN"]
[Date "2005.10.10"]
[Round "5"]
[White "Gardner, Robert"]
[Black "Haessel, Dale"]
[Result "1-0"]
[WhiteElo "2240"]
[BlackElo "2263"]
[PlyCount "55"]
[GameId "2160767910834423"]
[EventDate "2005.10.08"]
[EventType "swiss"]
[EventRounds "6"]
[EventCountry "CAN"]
[WhiteTeam "Canada"]
[BlackTeam "Canada"]
[WhiteTeamCountry "CAN"]
[BlackTeamCountry "CAN"]

1. d4 Nf6 2. c4 g6 3. Nc3 d5 4. h4 c6 5. cxd5 cxd5 6. Bf4 Bg7 7. e3 O-O 8. Be2 Nc6 9. h5 Qa5 10. hxg6 hxg6 11. Kf1 Ne4 12. Nxe4 dxe4 13. Nh3 e5 14. dxe5 Nxe5 15. Ng5 Nd3 16. Bxd3 exd3 17. Qxd3 Bxb2 18. Nxf7 Rxf7 19. Qxg6+ Bg7 20. Qh7+ Kf8 21. Bd6+ Ke8 22. Qe4+ Kd8 23. Rd1 Qb5+ 24. Kg1 Bd7 25. Rh7 Qe2 26. Qh4+ Kc8 27. Rh8+ Bf8 28. Rc1+ 1-0

[Event "Alberta op"]
[Site "Edmonton CAN"]
[Date "2005.10.10"]
[Round "6"]
[White "Gardner, Robert"]
[Black "Kaminski, Victor"]
[Result "1-0"]
[WhiteElo "2240"]
[BlackElo "2196"]
[PlyCount "61"]
[GameId "2160767910834424"]
[EventDate "2005.10.08"]
[EventType "swiss"]
[EventRounds "6"]
[EventCountry "CAN"]
[WhiteTeam "Canada"]
[BlackTeam "Canada"]
[WhiteTeamCountry "CAN"]
[BlackTeamCountry "CAN"]

1. f4 g6 2. Nf3 Bg7 3. e4 c5 4. d3 Nc6 5. c3 d6 6. Be2 Nf6 7. O-O O-O 8. Qe1 c4 9. d4 Nxe4 10. Bxc4 d5 11. Bb3 b6 12. Ne5 Na5 13. Bc2 f6 14. Nd3 Nc4 15. Nb4 Bb7 16. f5 a5 17. Nd3 Ncd6 18. Nf4 gxf5 19. Ne6 Qd7 20. Nxf8 Rxf8 21. Nd2 Ba6 22. Nxe4 fxe4 23. Rf4 e5 24. dxe5 fxe5 25. Rxf8+ Bxf8 26. Bb3 Qb5 27. Qd1 Bb7 28. Qg4+ Kh8 29. Bg5 Qc5+ 30. Kh1 Qf2 31. Qe6 1-0

[Event "BGC #80"]
[Site "Toronto CAN"]
[Date "2005.09.17"]
[Round "1"]
[White "Alizadeh, Shahabuddin"]
[Black "Veltmann, Martin"]
[Result "0-1"]
[WhiteElo "1792"]
[BlackElo "1954"]
[PlyCount "64"]
[GameId "2160767910834617"]
[EventDate "2005.09.17"]
[EventType "tourn"]
[EventRounds "6"]
[EventCountry "CAN"]
[SourceTitle "mv"]

1. e4 c5 2. b3 Nc6 3. Bb2 e5 4. Bc4 Nf6 5. Nc3 Be7 6. Nge2 O-O 7. O-O a6 8. a4 Nxe4 9. Nxe4 d5 10. Bd3 dxe4 11. Bxe4 Nd4 12. c4 f5 13. Bd5+ Kh8 14. Nxd4 exd4 15. Qf3 Bd6 16. Rfe1 Rb8 17. Re2 Qc7 18. g3 Bd7 19. Rae1 f4 20. Qh5 fxg3 21. hxg3 Rf6 22. d3 Rbf8 23. Bc1 Bc6 24. Be4 Bxe4 25. dxe4 Bxg3 26. Rd1 Bxf2+ 27. Kh1 Be3 28. Bxe3 dxe3 29. Rh2 Rf1+ 30. Rxf1 Rxf1+ 31. Kg2 Rf2+ 32. Kg1 Qg3+ 0-1

[Event "BGC #80"]
[Site "Toronto CAN"]
[Date "2005.09.25"]
[Round "2"]
[White "Veltmann, Martin"]
[Black "Bowers, David"]
[Result "1/2-1/2"]
[WhiteElo "1954"]
[BlackElo "1822"]
[PlyCount "52"]
[GameId "2160767910834618"]
[EventDate "2005.09.17"]
[EventType "tourn"]
[EventRounds "6"]
[EventCountry "CAN"]
[SourceTitle "mv"]

1. c4 c5 2. Nc3 Nf6 3. Nf3 d5 4. cxd5 Nxd5 5. g3 Nc6 6. Bg2 Nc7 7. O-O g6 8. d3 Bg7 9. Bd2 O-O 10. Rc1 Rb8 11. Na4 b6 12. Bc3 Bb7 13. Bxg7 Kxg7 14. a3 e5 15. Qd2 Qe7 16. Rfd1 Rfd8 17. Qe1 Nd4 18. Nxd4 cxd4 19. Bxb7 Rxb7 20. Rc2 Nd5 21. Rdc1 Rdd7 22. Qd2 Rdc7 23. e4 dxe3 24. fxe3 Rxc2 25. Rxc2 Qg5 26. Kf2 Qf5+ 1/2-1/2

[Event "BGC #80"]
[Site "Toronto CAN"]
[Date "2005.10.02"]
[Round "3"]
[White "Ho, Conrad"]
[Black "Veltmann, Martin"]
[Result "1-0"]
[WhiteElo "1847"]
[BlackElo "1954"]
[PlyCount "43"]
[GameId "2160767910834619"]
[EventDate "2005.09.17"]
[EventType "tourn"]
[EventRounds "6"]
[EventCountry "CAN"]
[SourceTitle "mv"]

1. e4 c5 2. Nc3 e6 3. Nf3 Nc6 4. d4 cxd4 5. Nxd4 d6 6. Be3 Nf6 7. g4 Nxd4 8. Bxd4 e5 9. Be3 Bxg4 10. Bb5+ Bd7 11. Bc4 Be7 12. Rg1 Kf8 13. Qd2 a6 14. Rxg7 Be6 15. Bh6 Ke8 16. Bxe6 fxe6 17. O-O-O Rc8 18. Bg5 Rf8 19. Qe2 Kd7 20. f4 Rc5 21. fxe5 Rxe5 22. Bf4 1-0

[Event "BGC #80"]
[Site "Toronto CAN"]
[Date "2005.10.09"]
[Round "4"]
[White "Veltmann, Martin"]
[Black "Alizadeh, Shahabuddin"]
[Result "1/2-1/2"]
[WhiteElo "1954"]
[BlackElo "1792"]
[PlyCount "41"]
[GameId "2160767910834620"]
[EventDate "2005.09.17"]
[EventType "tourn"]
[EventRounds "6"]
[EventCountry "CAN"]
[SourceTitle "mv"]

1. c4 c5 2. Nc3 Nf6 3. Nf3 d5 4. cxd5 Nxd5 5. g3 Nc6 6. Bg2 g6 7. O-O Bg7 8. Nxd5 Qxd5 9. d3 O-O 10. Be3 Qd6 11. Qc1 b6 12. Bh6 Bg4 13. Bxg7 Kxg7 14. Re1 Rac8 15. Qc3+ f6 16. a3 e5 17. h3 Bxf3 18. Bxf3 Nd4 19. Bg2 Rfd8 20. Rad1 Rc7 21. e3 1/2-1/2

[Event "BGC #80"]
[Site "Toronto CAN"]
[Date "2005.10.16"]
[Round "5"]
[White "Bowers, David"]
[Black "Veltmann, Martin"]
[Result "0-1"]
[WhiteElo "1822"]
[BlackElo "1954"]
[PlyCount "70"]
[GameId "2160767910834621"]
[EventDate "2005.09.17"]
[EventType "tourn"]
[EventRounds "6"]
[EventCountry "CAN"]
[SourceTitle "mv"]

1. d4 Nf6 2. c4 g6 3. Nc3 Bg7 4. e4 O-O 5. Nf3 d6 6. Be2 Nbd7 7. O-O e5 8. Re1 c6 9. Rb1 a5 10. Bf1 Re8 11. d5 Nc5 12. b3 cxd5 13. cxd5 Bg4 14. a3 Rc8 15. h3 Bxf3 16. Qxf3 Rf8 17. b4 axb4 18. axb4 Na6 19. Bd2 Nh5 20. g3 f5 21. exf5 Rxf5 22. Qe3 Rf8 23. Ne4 h6 24. Bd3 Nc7 25. Qe2 Nf6 26. Nxf6+ Qxf6 27. Rbc1 Kh8 28. Bc4 b5 29. Bb3 Qf5 30. Kg2 e4 31. Bc3 Rf7 32. Bxg7+ Kxg7 33. Qb2+ Kh7 34. Qd4 Re8 35. Re2 Qf3+ 0-1

[Event "Back to School op"]
[Site "Edmonton CAN"]
[Date "2005.09.09"]
[Round "1"]
[White "Wihnon, Jason"]
[Black "De Windt, Cor"]
[Result "1-0"]
[WhiteElo "1732"]
[BlackElo "1429"]
[PlyCount "77"]
[GameId "2160767910900245"]
[EventDate "2005.09.09"]
[EventType "swiss"]
[EventRounds "4"]
[EventCountry "CAN"]
[WhiteTeam "Canada"]
[BlackTeam "Canada"]
[WhiteTeamCountry "CAN"]
[BlackTeamCountry "CAN"]

1. e4 g6 2. f4 Bg7 3. d4 e6 4. c4 c6 5. Nf3 d5 6. e5 Ne7 7. Nc3 Nd7 8. c5 b6 9. b4 bxc5 10. dxc5 Bb7 11. Bd2 a6 12. Bd3 Nf5 13. Bxf5 exf5 14. Ne2 h6 15. Ned4 O-O 16. O-O Re8 17. Qa4 Nf8 18. Rae1 Qc7 19. Re3 Ne6 20. Nxe6 fxe6 21. Nd4 Kh7 22. Qd1 Qe7 23. Rg3 a5 24. a3 Ba6 25. Rff3 Bb7 26. Rb3 a4 27. Rb1 Qd7 28. Rh3 Ba6 29. Qf3 Bb5 30. Be1 Rac8 31. g4 Qf7 32. gxf5 exf5 33. Nxb5 cxb5 34. Qd3 Qd7 35. Rd1 Rcd8 36. Bh4 Rc8 37. Qxd5 Qc7 38. Qd7 Red8 39. Bxd8 1-0

[Event "Battle of Alberta"]
[Site "Red Deer CAN"]
[Date "2005.08.20"]
[Round "1"]
[White "Aspler, Gerald"]
[Black "Boik, Andrew"]
[Result "0-1"]
[WhiteElo "2037"]
[BlackElo "2050"]
[PlyCount "82"]
[GameId "2160767910900552"]
[EventDate "2005.08.20"]
[EventType "match"]
[EventRounds "2"]
[EventCountry "CAN"]
[SourceTitle "EXT 2007"]
[Source "ChessBase"]
[SourceDate "2006.11.23"]
[SourceVersion "1"]
[SourceVersionDate "2006.11.23"]
[SourceQuality "1"]

1. Nf3 Nf6 2. c4 e6 3. g3 d5 4. Bg2 Be7 5. O-O O-O 6. b3 c5 7. Bb2 Nc6 8. Na3 d4 9. d3 e5 10. Nd2 Be6 11. h3 Nd7 12. Nc2 f5 13. f4 exf4 14. gxf4 Bd6 15. Qe1 Qc7 16. e3 dxe3 17. Qxe3 Rae8 18. Rae1 Nf6 19. Bxf6 Rxf6 20. Bd5 Qf7 21. Rf2 Re7 22. Bxc6 bxc6 23. Qf3 Bd7 24. Rxe7 Qxe7 25. Nf1 Rg6+ 26. Kh2 Qh4 27. Nce3 Rh6 28. Ng2 Qg4 29. Nfe3 Qxf3 30. Rxf3 g5 31. Kg3 g4 32. hxg4 fxg4 33. Rf1 Rh3+ 34. Kf2 h5 35. Ke2 Rh2 36. f5 h4 37. Kd1 h3 38. Nh4 g3 39. Nf3 g2 40. Rg1 Rh1 41. Nxg2 hxg2 0-1

[Event "Battle of Alberta"]
[Site "Red Deer CAN"]
[Date "2005.08.20"]
[Round "1"]
[White "Baunok, Zoltan"]
[Black "Kazmaier, Daniel"]
[Result "0-1"]
[WhiteElo "2095"]
[BlackElo "2081"]
[PlyCount "46"]
[GameId "2160767910900553"]
[EventDate "2005.08.20"]
[EventType "match"]
[EventRounds "2"]
[EventCountry "CAN"]
[SourceTitle "EXT 2007"]
[Source "ChessBase"]
[SourceDate "2006.11.23"]
[SourceVersion "1"]
[SourceVersionDate "2006.11.23"]
[SourceQuality "1"]

1. e4 e6 2. Nf3 d5 3. Nc3 Nf6 4. e5 Nfd7 5. d4 c5 6. Bg5 Qb6 7. Na4 Qa5+ 8. c3 b6 9. Bd2 c4 10. Ng5 h6 11. b4 Qb5 12. Qh5 g6 13. Qh3 Qxa4 14. Bxc4 dxc4 15. Qf3 hxg5 16. Qxa8 Qc6 17. Qxa7 Qe4+ 18. Be3 Qd3 19. Rc1 Be7 20. h4 Na6 21. Qa8 Kd8 22. Rh3 g4 23. Rh1 Nxb4 0-1

[Event "Battle of Alberta"]
[Site "Red Deer CAN"]
[Date "2005.08.20"]
[Round "1"]
[White "Demers, Chris"]
[Black "Li, Zhichao"]
[Result "1-0"]
[WhiteElo "2239"]
[BlackElo "2214"]
[PlyCount "119"]
[GameId "2160767910900554"]
[EventDate "2005.08.20"]
[EventType "match"]
[EventRounds "2"]
[EventCountry "CAN"]
[SourceTitle "EXT 2007"]
[Source "ChessBase"]
[SourceDate "2006.11.23"]
[SourceVersion "1"]
[SourceVersionDate "2006.11.23"]
[SourceQuality "1"]

1. e4 c5 2. Nc3 Nc6 3. Nge2 d6 4. g3 g6 5. Bg2 Bg7 6. O-O e6 7. d3 Nge7 8. Bg5 O-O 9. Qd2 Rb8 10. a4 a6 11. Bh6 e5 12. Bxg7 Kxg7 13. f4 f6 14. Nd5 Bd7 15. fxe5 dxe5 16. c4 Nxd5 17. exd5 Qa5 18. Qxa5 Nxa5 19. Nc3 b6 20. Rf2 Nb3 21. Ra3 Na5 22. Na2 Nb7 23. b4 a5 24. bxa5 bxa5 25. Nc3 Nd6 26. Nb5 Rb6 27. Nxd6 Rxd6 28. Rb2 f5 29. Rab3 Rc8 30. Rb7 Kf6 31. Ra7 Bxa4 32. Rxa5 Be8 33. Kf2 Rc7 34. Bf3 g5 35. Rb8 Ke7 36. g4 fxg4 37. Bxg4 Rf6+ 38. Ke3 h5 39. Be2 g4 40. Raa8 Bf7 41. Ra6 Rf4 42. Rbb6 Kd7 43. Bd1 Kd8 44. Ba4 Rd4 45. Ra8+ Ke7 46. Raa6 Rc8 47. Ra7+ Kf8 48. Rf6 Rf4 49. Raxf7+ Kg8 50. Rxf4 exf4+ 51. Rxf4 Rd8 52. Rf5 Kg7 53. Rxh5 Kg6 54. Re5 Kf6 55. Re4 Kf5 56. Bd1 Rg8 57. Bxg4+ Kf6 58. d6 Kg5 59. d7 Kh4 60. Be6+ 1-0

[Event "Battle of Alberta"]
[Site "Red Deer CAN"]
[Date "2005.08.20"]
[Round "1"]
[White "Duval, Kirk"]
[Black "Dean, Tim"]
[Result "1-0"]
[WhiteElo "1970"]
[BlackElo "1960"]
[PlyCount "97"]
[GameId "2160767910900555"]
[EventDate "2005.08.20"]
[EventType "match"]
[EventRounds "2"]
[EventCountry "CAN"]
[SourceTitle "EXT 2007"]
[Source "ChessBase"]
[SourceDate "2006.11.23"]
[SourceVersion "1"]
[SourceVersionDate "2006.11.23"]
[SourceQuality "1"]

1. e4 e5 2. Nf3 Nc6 3. Bc4 Bc5 4. b4 Bxb4 5. c3 Bc5 6. d4 exd4 7. O-O d3 8. Qb3 Qe7 9. Bg5 f6 10. Bf4 Na5 11. Qb5 Nxc4 12. Qxc4 d6 13. Nbd2 Qf7 14. Qxd3 Ne7 15. Nd4 Ng6 16. Bg3 Ne5 17. Qb5+ c6 18. Qa4 b5 19. Qc2 O-O 20. N2b3 Bb6 21. Bxe5 fxe5 22. Nxc6 a5 23. Qd3 Qc7 24. Qd5+ Kh8 25. Ncxa5 Bxa5 26. Qxa8 Bxc3 27. Rac1 b4 28. a3 Qf7 29. axb4 Qxb3 30. Qc6 Bxb4 31. Qxc8 Qf7 32. Qc4 Qxc4 33. Rxc4 Bc5 34. g3 h6 35. Kg2 Kh7 36. f4 Bd4 37. Rc7 exf4 38. gxf4 Be3 39. Kg3 Kg8 40. Rd7 g5 41. f5 Bf4+ 42. Rxf4 gxf4+ 43. Kxf4 Rf6 44. Ke3 Kf8 45. Kd4 Ke8 46. Rh7 Kd8 47. Kd5 Ke8 48. Rg7 Kd8 49. Rg6 1-0

[Event "Battle of Alberta"]
[Site "Red Deer CAN"]
[Date "2005.08.20"]
[Round "1"]
[White "Gardner, Robert"]
[Black "Haessel, Dale"]
[Result "1-0"]
[WhiteElo "2231"]
[BlackElo "2266"]
[PlyCount "117"]
[GameId "2160767910900556"]
[EventDate "2005.08.20"]
[EventType "match"]
[EventRounds "2"]
[EventCountry "CAN"]
[SourceTitle "EXT 2007"]
[Source "ChessBase"]
[SourceDate "2006.11.23"]
[SourceVersion "1"]
[SourceVersionDate "2006.11.23"]
[SourceQuality "1"]

1. f4 d5 2. Nf3 c5 3. e3 Nf6 4. Be2 Nc6 5. O-O g6 6. d3 Bg7 7. Qe1 O-O 8. a4 Ne8 9. Qg3 Nd6 10. Na3 e5 11. Nxe5 Nf5 12. Qf2 Nxe5 13. fxe5 Bxe5 14. c3 Be6 15. d4 Bg7 16. dxc5 Qe7 17. Nb5 Qxc5 18. e4 Qxf2+ 19. Rxf2 dxe4 20. Nc7 Rac8 21. Nxe6 fxe6 22. g4 Nd6 23. Rxf8+ Kxf8 24. Bf4 Nc4 25. Rf1 Kg8 26. Bc1 Nb6 27. Bd1 Nd5 28. Re1 e3 29. Bb3 Rc6 30. c4 Nb6 31. Bxe3 Nxc4 32. Bxa7 Bxb2 33. Re4 Ne5 34. Bb8 Rb6 35. Ba2 Nf3+ 36. Kg2 Ng5 37. Re2 Rb4 38. h3 Kf7 39. Bd6 Rb6 40. Bf4 Bf6 41. h4 Rb4 42. Bxg5 Bxg5 43. Bxe6+ Kf6 44. hxg5+ Kxg5 45. Bd7 Rd4 46. Re7 h6 47. Kf3 Kf6 48. Rh7 b6 49. Bb5 Kg5 50. Rb7 Rf4+ 51. Ke3 Rf6 52. Be2 Rf4 53. Bd1 Rb4 54. Rd7 h5 55. gxh5 gxh5 56. Rd5+ Kg6 57. Bxh5+ Kf6 58. Bd1 Ke6 59. Rb5 1-0

[Event "Battle of Alberta"]
[Site "Red Deer CAN"]
[Date "2005.08.20"]
[Round "1"]
[White "Huber, Gregory"]
[Black "Reeve, Jeff"]
[Result "1-0"]
[WhiteElo "2308"]
[BlackElo "2355"]
[PlyCount "93"]
[GameId "2160767910900557"]
[EventDate "2005.08.20"]
[EventType "match"]
[EventRounds "2"]
[EventCountry "CAN"]
[SourceTitle "EXT 2007"]
[Source "ChessBase"]
[SourceDate "2006.11.23"]
[SourceVersion "1"]
[SourceVersionDate "2006.11.23"]
[SourceQuality "1"]

1. e4 e6 2. d4 d5 3. Nd2 Be7 4. Ngf3 Nf6 5. e5 Nfd7 6. c3 c5 7. dxc5 Nc6 8. Bb5 O-O 9. Qe2 Qc7 10. O-O Ndxe5 11. b4 Bf6 12. Bb2 Ng6 13. a3 e5 14. Nb3 Bg4 15. h3 Nf4 16. Qe3 Bxf3 17. Qxf3 e4 18. Qe3 Bg5 19. Bxc6 bxc6 20. Nd4 f5 21. Bc1 Rf6 22. h4 Bh6 23. Qg3 Raf8 24. a4 Rg6 25. Bxf4 Bxf4 26. Qh3 Rgf6 27. Ne2 Bh6 28. f4 Rg6 29. Qe3 Rg4 30. g3 g6 31. Kh2 Bg7 32. b5 h6 33. b6 Qb8 34. Rab1 a5 35. Nd4 Bxd4 36. cxd4 g5 37. Rg1 Kh7 38. hxg5 hxg5 39. Rbf1 Rg8 40. fxg5 R8xg5 41. Rf4 Kg6 42. Rxg4 fxg4 43. Kg2 Qh8 44. Rh1 Rh5 45. Rxh5 Qxh5 46. b7 Qh8 47. Qf4 1-0

[Event "Battle of Alberta"]
[Site "Red Deer CAN"]
[Date "2005.08.20"]
[Round "1"]
[White "Karmali, Hafiz"]
[Black "Kuczaj, Chris"]
[Result "0-1"]
[WhiteElo "1895"]
[BlackElo "1858"]
[PlyCount "84"]
[GameId "2160767910900559"]
[EventDate "2005.08.20"]
[EventType "match"]
[EventRounds "2"]
[EventCountry "CAN"]
[SourceTitle "EXT 2007"]
[Source "ChessBase"]
[SourceDate "2006.11.23"]
[SourceVersion "1"]
[SourceVersionDate "2006.11.23"]
[SourceQuality "1"]

1. d4 Nf6 2. c4 e6 3. Nc3 Bb4 4. Qc2 O-O 5. e4 c5 6. Nf3 d5 7. cxd5 cxd4 8. Nxd4 exd5 9. e5 Ne4 10. Bd3 Qe7 11. Nf3 Bg4 12. Bxe4 dxe4 13. Qxe4 Bxf3 14. gxf3 Nc6 15. f4 Qc5 16. Bd2 Rad8 17. Qe3 Nd4 18. O-O-O Qc6 19. Rhg1 g6 20. Kb1 Nf3 21. f5 Nxg1 22. Rxg1 Qd7 23. Ne4 Bxd2 24. Nf6+ Kh8 25. Nxd7 Bxe3 26. e6 Rxd7 27. exd7 Bxf2 28. Rg2 Bb6 29. f6 Bd4 30. Re2 Bxf6 31. Re8 Kg7 32. Kc2 Bd8 33. Kd3 f6 34. Kc4 Kf7 35. Re3 Bb6 36. Rh3 h5 37. a4 Rd8 38. Rd3 Ke6 39. Rg3 g5 40. Rh3 Rxd7 41. Rxh5 Rd4+ 42. Kc3 Rh4 0-1

[Event "Battle of Alberta"]
[Site "Red Deer CAN"]
[Date "2005.08.20"]
[Round "1"]
[White "Lee, Ian"]
[Black "Kazakevich, Anastasia"]
[Result "1-0"]
[WhiteElo "2076"]
[BlackElo "2050"]
[PlyCount "69"]
[GameId "2160767910900560"]
[EventDate "2005.08.20"]
[EventType "match"]
[EventRounds "2"]
[EventCountry "CAN"]
[SourceTitle "EXT 2007"]
[Source "ChessBase"]
[SourceDate "2006.11.23"]
[SourceVersion "1"]
[SourceVersionDate "2006.11.23"]
[SourceQuality "1"]

1. e4 c5 2. Nf3 e6 3. d4 cxd4 4. Nxd4 a6 5. Nc3 Nc6 6. Nxc6 bxc6 7. Bd3 Qc7 8. O-O d5 9. Qe2 d4 10. Na4 e5 11. f4 Bd6 12. f5 Nf6 13. b3 Bb7 14. Nb2 Bb4 15. Nc4 Bc3 16. Rb1 O-O 17. g4 Nd7 18. g5 f6 19. g6 h6 20. Ba3 c5 21. Qh5 a5 22. Bc1 Ba6 23. Rf3 Nb8 24. Rh3 Ra7 25. Bxh6 gxh6 26. g7 Rf7 27. Qxh6 Rxg7+ 28. Kf2 Kf7 29. Qxg7+ Kxg7 30. Rg1+ Kf7 31. Rh7+ Kf8 32. Rh8+ Kf7 33. Rhg8 Be1+ 34. Kxe1 Bxc4 35. R1g7# 1-0

[Event "Battle of Alberta"]
[Site "Red Deer CAN"]
[Date "2005.08.20"]
[Round "1"]
[White "Perron, Sean"]
[Black "Grumic, Sasha"]
[Result "1-0"]
[WhiteElo "2128"]
[BlackElo "2108"]
[PlyCount "67"]
[GameId "2160767910900561"]
[EventDate "2005.08.20"]
[EventType "match"]
[EventRounds "2"]
[EventCountry "CAN"]
[SourceTitle "EXT 2007"]
[Source "ChessBase"]
[SourceDate "2006.11.23"]
[SourceVersion "1"]
[SourceVersionDate "2006.11.23"]
[SourceQuality "1"]

1. d4 Nf6 2. Nf3 g6 3. c4 Bg7 4. Nc3 O-O 5. e4 d6 6. Be2 c5 7. d5 b5 8. cxb5 a6 9. a4 axb5 10. Bxb5 Ba6 11. Qc2 Nbd7 12. Bxa6 Rxa6 13. h3 Qa8 14. O-O Rb8 15. Be3 Rb4 16. Rab1 Nb6 17. b3 c4 18. bxc4 Rxb1 19. Nxb1 Nfd7 20. Nbd2 Rxa4 21. Rb1 Ra2 22. Qb3 Ra6 23. Qb5 Nc5 24. Bxc5 dxc5 25. Qxc5 Na4 26. Qc7 Nb2 27. Qxe7 Bf8 28. Qc7 Ra1 29. Rxa1 Qxa1+ 30. Kh2 Nd3 31. e5 Nxf2 32. Ng5 Kh8 33. Ndf3 h6 34. Qxf7 1-0

[Event "Battle of Alberta"]
[Site "Red Deer CAN"]
[Date "2005.08.20"]
[Round "1"]
[White "Rekhson, Vladislav"]
[Black "Neven, Knut"]
[Result "0-1"]
[WhiteElo "2128"]
[BlackElo "2220"]
[PlyCount "82"]
[GameId "2160767910900562"]
[EventDate "2005.08.20"]
[EventType "match"]
[EventRounds "2"]
[EventCountry "CAN"]
[SourceTitle "EXT 2007"]
[Source "ChessBase"]
[SourceDate "2006.11.23"]
[SourceVersion "1"]
[SourceVersionDate "2006.11.23"]
[SourceQuality "1"]

1. e4 e6 2. b3 d5 3. Bb2 Nf6 4. exd5 exd5 5. Qe2+ Be6 6. Nf3 Bd6 7. Ng5 O-O 8. Nxe6 fxe6 9. Qxe6+ Kh8 10. Be2 Nbd7 11. d4 Re8 12. Qf5 Qe7 13. Qd3 c5 14. Kf1 cxd4 15. Bxd4 Nc5 16. Qe3 Qc7 17. Qh3 Be5 18. Qc3 Bxd4 19. Qxd4 Ne6 20. Qc3 Qb6 21. Bf3 Rac8 22. Qd2 Nd4 23. Nc3 Nxf3 24. gxf3 Qb4 25. Nb1 Qh4 26. Rg1 Qh3+ 27. Rg2 Qxf3 28. Rg3 Qh1+ 29. Rg1 Qxh2 30. Qg5 Re7 31. Qf5 Re1+ 32. Kxe1 Qxg1+ 33. Kd2 Ne4+ 34. Ke3 Qc1+ 35. Kd4 Qxc2 36. f3 Qc5+ 37. Kd3 Nf2+ 38. Kd2 Qc1+ 39. Ke2 Rc2+ 40. Nd2 Qxd2+ 41. Kf1 Qd3+ 0-1